Les champions de F1 - Statistiques

Statistiques générales
  • Ce quiz a été pris 1 124 fois
    1 120 depuis la dernière actualisation
  • Le résultat moyen est 44 sur 65
Statistiques - réponses
Année Nom % Correct
2008 Lewis Hamilton
96%
2014 Lewis Hamilton
96%
1994 Michael Schumacher
95%
1995 Michael Schumacher
95%
2000 Michael Schumacher
95%
2001 Michael Schumacher
95%
2002 Michael Schumacher
95%
2003 Michael Schumacher
95%
2004 Michael Schumacher
95%
1988 Ayrton Senna
92%
1990 Ayrton Senna
92%
1991 Ayrton Senna
92%
1985 Alain Prost
91%
1986 Alain Prost
91%
1989 Alain Prost
91%
1993 Alain Prost
91%
2010 Sebastian Vettel
90%
2011 Sebastian Vettel
90%
2012 Sebastian Vettel
90%
2013 Sebastian Vettel
90%
2005 Fernando Alonso
89%
2006 Fernando Alonso
89%
2009 Jenson Button
76%
2007 Kimi Räikkönen
76%
1997 Jacques Villeneuve
75%
1951 Juan Manuel Fangio
75%
1954 Juan Manuel Fangio
75%
1955 Juan Manuel Fangio
75%
1956 Juan Manuel Fangio
75%
1957 Juan Manuel Fangio
75%
1975 Niki Lauda
73%
1977 Niki Lauda
73%
1984 Niki Lauda
72%
1998 Mika Häkkinen
69%
1999 Mika Häkkinen
69%
1996 Damon Hill
68%
1962 Graham Hill
66%
1968 Graham Hill
66%
1961 Phil Hill
65%
1982 Keke Rosberg
62%
1981 Nelson Piquet
56%
1983 Nelson Piquet
56%
1987 Nelson Piquet
56%
1992 Nigel Mansell
55%
1952 Alberto Ascari
52%
1953 Alberto Ascari
52%
1976 James Hunt
49%
1969 Jackie Stewart
47%
1971 Jackie Stewart
47%
1973 Jackie Stewart
47%
1972 Emerson Fittipaldi
45%
1974 Emerson Fittipaldi
45%
1950 Giuseppe Farina
45%
1959 Jack Brabham
41%
1960 Jack Brabham
41%
1966 Jack Brabham
41%
1963 Jim Clark
40%
1965 Jim Clark
40%
1978 Mario Andretti
36%
1980 Alan Jones
33%
1979 Jody Scheckter
30%
1970 Jochen Rindt
28%
1964 John Surtees
28%
1958 Mike Hawthorn
28%
1967 Denny Hulme
27%
Aucun quiz correspondant
Distribution des résultats
% des personnes avec chaque résultat
Percentile par nombre de réponses
Votre historique - résultats
Vous n’avez pas pris ce quiz depuis la dernière actualisation